[Event "XII. DBMM Schach"]
[Site "Berlin"]
[Date "2012.10.14"]
[Round "7.4"]
[White "Albinus, Guenter"]
[Black "Scharrer, Udo"]
[Result "1/2-1/2"]
[WhiteElo "1781"]
[BlackElo "2039"]
[Annotator "br"]
[PlyCount "21"]
[EventDate "2012.??.??"]
[Source "FV Schach e.V."]
[SourceDate "2012.10.14"]
[WhiteTeam "Deutsche Bahn/BSW Berlin"]
[BlackTeam "SG Stern Stuttgart"]
[WhiteTeamCountry "GER"]
[BlackTeamCountry "GER"]

1. Nf3 Nf6 2. b3 g6 3. Bb2 Bg7 4. e3 O-O 5. Be2 d6 6. d4 b6 7. O-O Bb7 8. Nbd2
c5 9. c4 cxd4 10. Nxd4 Nbd7 11. Bf3 1/2-1/2

[Event "XII. DBMM Schach"]
[Site "Berlin"]
[Date "2012.10.14"]
[Round "7.1"]
[White "Shapiro, Yosip"]
[Black "Fischer, Alexander"]
[Result "1-0"]
[WhiteElo "1997"]
[BlackElo "1958"]
[Annotator "br"]
[PlyCount "107"]
[EventDate "2012.??.??"]
[Source "FV Schach e.V."]
[SourceDate "2012.10.14"]
[WhiteTeam "SK Praesident Berlin II"]
[BlackTeam "Commerzbank Frankfurt AGI "]
[WhiteTeamCountry "RUS"]
[BlackTeamCountry "GER"]

1. Nf3 d5 2. c4 c6 3. g3 Nf6 4. Bg2 dxc4 5. a4 Qd5 6. O-O e5 7. Qc2 Be6 8. Ng5
Qd7 9. Na3 Bxa3 10. Nxe6 Qxe6 11. Rxa3 Na6 12. b3 cxb3 13. Rxb3 Nc5 14. Rxb7
Nxb7 15. Bxc6+ Nd7 16. Bxb7 O-O 17. Ba3 Rfd8 18. Bxa8 Rxa8 19. Rc1 Nb6 20. a5
Rc8 21. Qe4 Rxc1+ 22. Bxc1 Qc4 23. Qxc4 Nxc4 24. a6 Kf8 25. d3 Nb6 26. Be3 Nc8
27. Kg2 Ke7 28. Kf3 Kd6 29. Ke4 g6 30. g4 Ke6 31. g5 Nd6+ 32. Kf3 Nb5 33. Kg4
Nc7 34. Bxa7 Nxa6 35. f4 Nb4 36. Bb8 exf4 37. Bxf4 Kd5 38. Bd2 Nc6 39. Bc3 Ke6
40. Kf4 Ne7 41. e4 Ng8 42. d4 h6 43. d5+ Kd6 44. Bb4+ Kd7 45. h4 f6 46. Bf8
fxg5+ 47. hxg5 h5 48. e5 Ne7 49. e6+ Kd6 50. Bxe7+ Kxd5 51. Bf6 Kxe6 52. Ke4
Kd6 53. Be5+ Kc5 54. Bb8 1-0

[Event "XII. DBMM Schach"]
[Site "Berlin"]
[Date "2012.10.14"]
[Round "7.2"]
[White "Lutterbey, Ralf"]
[Black "Artukovic, Adis"]
[Result "0-1"]
[WhiteElo "1862"]
[BlackElo "2020"]
[Annotator "br"]
[PlyCount "140"]
[EventDate "2012.??.??"]
[Source "FV Schach e.V."]
[SourceDate "2012.10.14"]
[WhiteTeam "Commerzbank Frankfurt AGI "]
[BlackTeam "SK Praesident Berlin II"]
[WhiteTeamCountry "GER"]
[BlackTeamCountry "RUS"]

1. e4 d6 2. d4 g6 3. f4 Bg7 4. Nf3 Nf6 5. Nc3 O-O 6. Bc4 Nxe4 7. Nxe4 d5 8. Bd3
dxe4 9. Bxe4 c6 10. c3 Nd7 11. O-O Nf6 12. Bd3 Qb6 13. Qb3 Be6 14. Bc4 Bxc4 15.
Qxc4 Nd5 16. Bd2 Rae8 17. Kh1 e6 18. b3 Qc7 19. Ne5 f6 20. Nd3 Rf7 21. b4 Bh6
22. Rae1 Rfe7 23. Re2 Kh8 24. g3 Bg7 25. Rfe1 h5 26. Nc5 e5 27. fxe5 fxe5 28.
Bg5 Bf6 29. Bxf6+ Nxf6 30. dxe5 Rxe5 31. Rxe5 Rxe5 32. Rf1 Nd5 33. Qd4 Qg7 34.
Nxb7 Re7 35. Qxg7+ Kxg7 36. Na5 Nxc3 37. Nxc6 Rc7 38. Nd4 Re7 39. a3 a6 40. Rc1
Re3 41. Ne6+ Kh6 42. Nc5 Na2 43. Rb1 Rxa3 44. b5 axb5 45. Rxb5 Nc3 46. Rb6 Nd5
47. Ra6 Rc3 48. Ne6 Ne3 49. Kg1 Rc1+ 50. Kf2 Ng4+ 51. Ke2 Rc2+ 52. Ke1 Rxh2 53.
Nf4 Kg5 54. Rxg6+ Kf5 55. Ra6 Ke4 56. Ra5 Ne5 57. Ra4+ Kf3 58. Ra3+ Kg4 59. Ne2
Rh1+ 60. Kf2 Rh2+ 61. Kf1 Nf3 62. Ra4+ Kh3 63. Ng1+ Nxg1 64. Kxg1 Rg2+ 65. Kh1
Rxg3 66. Ra1 Rc3 67. Rb1 h4 68. Rd1 Kg3 69. Rg1+ Kf2 70. Rb1 Rh3# 0-1

[Event "XII. DBMM Schach"]
[Site "Berlin"]
[Date "2012.10.14"]
[Round "7.3"]
[White "Vogel, Tobias"]
[Black "Brauer, Frank"]
[Result "0-1"]
[WhiteElo "1945"]
[BlackElo "1881"]
[Annotator "br"]
[PlyCount "88"]
[EventDate "2012.??.??"]
[Source "FV Schach e.V."]
[SourceDate "2012.10.14"]
[WhiteTeam "SK Praesident Berlin II"]
[BlackTeam "Commerzbank Frankfurt AGI "]
[WhiteTeamCountry "RUS"]
[BlackTeamCountry "GER"]

1. d4 Nf6 2. Bf4 d5 3. Nf3 e6 4. e3 Bd6 5. Bg3 O-O 6. Bd3 c5 7. c3 Nc6 8. Nbd2
Re8 9. Ne5 Qc7 10. f4 b6 11. Bh4 Be7 12. g4 Nxe5 13. dxe5 Ne4 14. g5 Nxd2 15.
Qxd2 Bb7 16. Rg1 Rad8 17. Bf2 a5 18. a3 Bc6 19. h4 b5 20. h5 g6 21. Qc2 Kg7 22.
Rd1 c4 23. Be2 b4 24. axb4 axb4 25. Bf3 Ra8 26. Rb1 Ra2 27. Kf1 d4 28. Bxc6 d3
29. Qd1 Qxc6 30. Be1 b3 31. Bd2 Qe4 32. Kf2 Rea8 33. Qf3 Qxf3+ 34. Kxf3 Ba3 35.
h6+ Kf8 36. Bc1 d2 37. Bxd2 Bxb2 38. Rg2 Rd8 39. Ke4 Bxc3 40. Bxc3 Rxg2 41.
Bb4+ Ke8 42. Bd6 Rd2 43. Bb4 Rd1 44. Rb2 Ra8 0-1

[Event "XII. DBMM Schach"]
[Site "Berlin"]
[Date "2012.10.14"]
[Round "7.2"]
[White "Sagol, Buelent Erol"]
[Black "Bumes, Konrad"]
[Result "0-1"]
[WhiteElo "1541"]
[BlackElo "1911"]
[Annotator "br"]
[PlyCount "88"]
[EventDate "2012.??.??"]
[Source "FV Schach e.V."]
[SourceDate "2012.10.14"]
[WhiteTeam "Team DBMM Berlin"]
[BlackTeam "Europ. Patentamt MUC II"]
[WhiteTeamCountry "GER"]
[BlackTeamCountry "GER"]

1. e4 d5 2. exd5 Qxd5 3. Nc3 Qa5 4. Bc4 Nf6 5. d3 Nc6 6. Bd2 Qb6 7. Na4 Qd4 8.
Nf3 Qg4 9. O-O h6 10. Bc3 e6 11. Ne5 Nxe5 12. Bxe5 Bd7 13. Nc3 O-O-O 14. Bxf6
Qxd1 15. Raxd1 gxf6 16. Ne4 f5 17. Nd2 Bc6 18. c3 b5 19. Bb3 Rg8 20. f3 Rxd3
21. Bc2 Bc5+ 22. Kh1 Rd7 23. b4 Bb6 24. Nb3 Rxd1 25. Rxd1 Rd8 26. Rxd8+ Kxd8
27. Nc5 Bxc5 28. bxc5 Bd5 29. a3 Kd7 30. Kg1 Kc6 31. Kf2 Kxc5 32. Ke3 c6 33.
Bd3 a5 34. Kf4 Bc4 35. Ke3 Bxd3 36. Kxd3 e5 37. h4 Kd5 38. g4 fxg4 39. fxg4 f6
40. Ke3 c5 41. Kd3 e4+ 42. Ke3 b4 43. cxb4 cxb4 44. axb4 axb4 0-1

[Event "XII. DBMM Schach"]
[Site "Berlin"]
[Date "2012.10.14"]
[Round "7.3"]
[White "Oberpriller, Josef"]
[Black "Kretzschmar, Jan"]
[Result "1-0"]
[WhiteElo "1932"]
[BlackElo "1664"]
[Annotator "br"]
[PlyCount "89"]
[EventDate "2012.??.??"]
[Source "FV Schach e.V."]
[SourceDate "2012.10.14"]
[WhiteTeam "Europ. Patentamt MUC II"]
[BlackTeam "Team DBMM Berlin"]
[WhiteTeamCountry "GER"]
[BlackTeamCountry "GER"]

1. d4 Nf6 2. Nc3 d5 3. Bg5 e6 4. e4 dxe4 5. Nxe4 Be7 6. Bxf6 Bxf6 7. Nf3 b6 8.
Bb5+ c6 9. Be2 Be7 10. Qd2 Ba6 11. O-O-O O-O 12. Kb1 Qc7 13. Rhe1 Rd8 14. Qe3
Bxe2 15. Rxe2 Nd7 16. Red2 a5 17. c3 a4 18. a3 Ra5 19. Rd3 Qc8 20. Qf4 h6 21.
Nd6 Bxd6 22. Qxd6 Ne5 23. Qxd8+ Qxd8 24. dxe5 Rd5 25. Rxd5 cxd5 26. Rd4 Qa8 27.
Rb4 Qa6 28. Ka2 Qe2 29. Rxa4 Qxf2 30. Rg4 Qe2 31. h4 b5 32. Kb3 Kf8 33. Rb4
Qxg2 34. Nd4 Qh1 35. Nxb5 Qd1+ 36. Ka2 Qe1 37. Nd4 Qxe5 38. Nc6 Qc7 39. Rb8+
Qxb8 40. Nxb8 g5 41. hxg5 hxg5 42. Nd7+ Ke7 43. Ne5 f5 44. Kb1 g4 45. Kc2 {
Rest unleserlich.} 1-0

[Event "XII. DBMM Schach"]
[Site "Berlin"]
[Date "2012.10.14"]
[Round "7.4"]
[White "Siewert, Klaus Juergen"]
[Black "Tokic, Branko"]
[Result "1/2-1/2"]
[WhiteElo "1602"]
[BlackElo "1681"]
[Annotator "br"]
[PlyCount "86"]
[EventDate "2012.??.??"]
[Source "FV Schach e.V."]
[SourceDate "2012.10.14"]
[WhiteTeam "Team DBMM Berlin"]
[BlackTeam "Europ. Patentamt MUC II"]
[WhiteTeamCountry "GER"]
[BlackTeamCountry "GER"]

1. Nf3 d5 2. c4 e6 3. e3 Nf6 4. d4 b6 5. cxd5 exd5 6. Be2 Bd6 7. Nc3 O-O 8. O-O
c6 9. Bd2 Bg4 10. h3 Bh5 11. Rc1 Nbd7 12. a3 b5 13. Na2 Qb6 14. Bb4 Bxb4 15.
Nxb4 Rac8 16. Nd3 a5 17. Nfe5 Bxe2 18. Qxe2 Nxe5 19. Nxe5 Rc7 20. Rc2 c5 21.
dxc5 Rxc5 22. Rfc1 Rfc8 23. Nd3 Rc4 24. b3 R4c7 25. Qd1 Ne4 26. Rxc7 Rxc7 27.
Rxc7 Qxc7 28. Nf4 Nc3 29. Nxd5 Nxd5 30. Qxd5 Qb8 31. f4 g6 32. Kf2 Qb6 33. Qa8+
Kg7 34. Qd5 Kg8 35. Qd4 Qc7 36. Qe4 Kf8 37. g4 Qc3 38. Qa8+ Kg7 39. Qa7 Qd2+
40. Kf3 Qd5+ 41. Kg3 Qxb3 42. Qd4+ Kf8 43. Qd8+ Kg7 1/2-1/2

[Event "XII. DBMM Schach"]
[Site "Berlin"]
[Date "2012.10.14"]
[Round "7.2"]
[White "Bischoff, Ulrich"]
[Black "Mayer, Herbert"]
[Result "1-0"]
[WhiteElo "2107"]
[BlackElo "1839"]
[Annotator "br"]
[PlyCount "29"]
[EventDate "2012.??.??"]
[Source "FV Schach e.V."]
[SourceDate "2012.10.14"]
[WhiteTeam "Sparkassenvers. Stuttgart"]
[BlackTeam "SV OSRAM Berlin II"]
[WhiteTeamCountry "GER"]
[BlackTeamCountry "GER"]

1. e4 c5 2. Nf3 a6 3. d4 cxd4 4. Nxd4 Nf6 5. Nc3 e5 6. Nf3 Bb4 7. Bd2 Nc6 8.
Bc4 O-O 9. O-O Bxc3 10. Bxc3 Nxe4 11. Bxe5 Nxe5 12. Nxe5 d6 13. Nxf7 Rxf7 14.
Bxf7+ Kxf7 15. Qd5+ 1-0

[Event "XII. DBMM Schach"]
[Site "Berlin"]
[Date "2012.10.14"]
[Round "7.3"]
[White "Mueller, Gerd"]
[Black "Lau, Peter"]
[Result "1-0"]
[WhiteElo "1854"]
[BlackElo "1785"]
[Annotator "br"]
[PlyCount "69"]
[EventDate "2012.??.??"]
[Source "FV Schach e.V."]
[SourceDate "2012.10.14"]
[WhiteTeam "SV OSRAM Berlin II"]
[BlackTeam "Sparkassenvers. Stuttgart"]
[WhiteTeamCountry "GER"]
[BlackTeamCountry "GER"]

1. e4 e6 2. d4 d5 3. exd5 exd5 4. Bd3 Bd6 5. Ne2 Ne7 6. Be3 Nbc6 7. Nbc3 Bg4 8.
h3 Bh5 9. Qd2 Qd7 10. Nb5 Bb4 11. c3 Ba5 12. Na3 Bg6 13. Bb5 a6 14. Ba4 O-O 15.
O-O b5 16. Bb3 Rfe8 17. Nc2 Rab8 18. a3 Bb6 19. a4 Na5 20. Ba2 Nc4 21. Bxc4
bxc4 22. a5 Ba7 23. Nb4 Qc8 24. Bf4 Rb5 25. Ng3 Nf5 26. Rfe1 Rxe1+ 27. Rxe1
Nxg3 28. Bxg3 f6 29. Nc6 Qb7 30. Ne7+ Kf7 31. Qe3 Qa8 32. Qe6+ Kf8 33. Nc8 Rb8
34. Qe7+ Kg8 35. Qd8+ 1-0

[Event "XII. DBMM Schach"]
[Site "Berlin"]
[Date "2012.10.14"]
[Round "7.4"]
[White "Pachl, Manfred"]
[Black "Schlittermann, Wolfgang"]
[Result "1-0"]
[WhiteElo "1766"]
[BlackElo "1756"]
[Annotator "br"]
[PlyCount "101"]
[EventDate "2012.??.??"]
[Source "FV Schach e.V."]
[SourceDate "2012.10.14"]
[WhiteTeam "Sparkassenvers. Stuttgart"]
[BlackTeam "SV OSRAM Berlin II"]
[WhiteTeamCountry "GER"]
[BlackTeamCountry "GER"]

1. e4 c5 2. b3 Nc6 3. Bb2 e5 4. Nf3 d6 5. d3 Bg4 6. Be2 g6 7. Nc3 Bg7 8. Nd5
Nf6 9. Nxf6+ Bxf6 10. Nd2 Bxe2 11. Qxe2 Nd4 12. Qd1 Bg7 13. Nc4 b5 14. Ne3 Ne6
15. O-O O-O 16. Nd5 Nc7 17. Nxc7 Qxc7 18. f4 exf4 19. Bxg7 Kxg7 20. Rxf4 d5 21.
Qf3 dxe4 22. Rxe4 Qd6 23. Rae1 Rad8 24. h3 Qa6 25. a4 Qb6 26. Kh1 a6 27. axb5
axb5 28. Re7 Qa5 29. Rf1 Qc3 30. Rxf7+ Rxf7 31. Qxf7+ Kh8 32. Qe7 Rg8 33. Rf7
Rg7 34. Rxg7 Qxg7 35. Qe8+ Qg8 36. Qxg8+ Kxg8 37. Kg1 Kf7 38. Kf2 Kf6 39. Ke3
Ke5 40. c3 g5 41. g4 h6 42. d4+ Kd5 43. dxc5 Kxc5 44. Kd3 Kd6 45. Kd4 Kc6 46.
c4 bxc4 47. bxc4 Kd6 48. c5+ Ke6 49. Ke4 Kf6 50. Kd5 Kg6 51. Ke6 1-0

[Event "XII. DBMM Schach"]
[Site "Berlin"]
[Date "2012.10.14"]
[Round "7.2"]
[White "Radjenovic, Branko"]
[Black "Thomas, Andreas"]
[Result "1/2-1/2"]
[WhiteElo "1810"]
[BlackElo "1789"]
[Annotator "br"]
[PlyCount "96"]
[EventDate "2012.??.??"]
[Source "FV Schach e.V."]
[SourceDate "2012.10.14"]
[WhiteTeam "Deutsche Telekom Berlin"]
[BlackTeam "BA Berlin Tempelhof II"]
[WhiteTeamCountry "GER"]
[BlackTeamCountry "GER"]

1. d4 Nf6 2. c4 e6 3. Nc3 Bb4 4. Qc2 O-O 5. a3 Bxc3+ 6. Qxc3 d5 7. e3 Nbd7 8.
Nf3 Ne4 9. Qc2 b6 10. cxd5 exd5 11. Bd3 Bb7 12. O-O c5 13. Qe2 c4 14. Bc2 b5
15. Nd2 Rc8 16. f3 Nef6 17. Re1 Re8 18. Nf1 Qb6 19. Bd2 a5 20. Qf2 Ra8 21. b4
a4 22. Re2 Re7 23. Rae1 Rae8 24. Ng3 g6 25. Nf1 Qc7 26. Qh4 Qd6 27. g4 Nf8 28.
Qg3 Qd7 29. h4 Ne6 30. Qg2 Qd6 31. Ng3 Kh8 32. g5 Nd7 33. Bc3 Kg8 34. f4 Ng7
35. Qf3 f5 36. Kf2 Nf8 37. Rh1 Nfe6 38. Ke1 Nh5 39. Nxh5 gxh5 40. Rhh2 Ng7 41.
Rhg2 Kf7 42. Kd2 Kg6 43. Kc1 Bc6 44. Kb2 Bb7 45. Be1 Rc7 46. Kc3 Rce7 47. Bd2
Bc6 48. Rgf2 Bb7 1/2-1/2

[Event "XII. DBMM Schach"]
[Site "Berlin"]
[Date "2012.10.14"]
[Round "7.3"]
[White "Kreuchauf, Olaf"]
[Black "Piotrowski, Roger"]
[Result "1-0"]
[WhiteElo "1630"]
[BlackElo "1741"]
[Annotator "br"]
[PlyCount "111"]
[EventDate "2012.??.??"]
[Source "FV Schach e.V."]
[SourceDate "2012.10.14"]
[WhiteTeam "BA Berlin Tempelhof II"]
[BlackTeam "Deutsche Telekom Berlin"]
[WhiteTeamCountry "GER"]
[BlackTeamCountry "GER"]

1. d4 Nf6 2. c4 g6 3. Nc3 Bg7 4. e4 d6 5. h3 O-O 6. Be3 c5 7. d5 e6 8. Nf3 exd5
9. cxd5 Re8 10. Bd3 Bd7 11. O-O b5 12. e5 dxe5 13. Bxb5 Bxb5 14. Nxb5 Qb6 15.
a4 a6 16. Na3 Nbd7 17. Rb1 Qd6 18. Qc2 Nxd5 19. Bg5 f6 20. Bh4 Rac8 21. Rfd1
Qe6 22. Qe4 Red8 23. Qxd5 Qxd5 24. Rxd5 e4 25. Ne1 Ne5 26. Rxd8+ Rxd8 27. Bg3
Nd3 28. Nxd3 exd3 29. Rd1 Rd4 30. f3 f5 31. Bf2 Rxa4 32. Bxc5 Bxb2 33. Rxd3 Ra5
34. Nc4 Rxc5 35. Nxb2 Kg7 36. Ra3 a5 37. Ra4 Rb5 38. Nd3 Kf6 39. f4 h6 40. Ne5
g5 41. Nc6 Rc5 42. Nxa5 gxf4 43. Ra2 Kg5 44. Kf2 h5 45. Nb3 Rd5 46. Nd2 Rd3 47.
Ke2 Rd6 48. Ra8 Rg6 49. Nf3+ Kf6 50. Ra6+ Kf7 51. Rxg6 Kxg6 52. Kd3 Kf7 53. Kd4
Ke6 54. Kc5 Ke7 55. Kd5 Kf6 56. h4 1-0

[Event "XII. DBMM Schach"]
[Site "Berlin"]
[Date "2012.10.14"]
[Round "7.4"]
[White "Kleinwaechter, Manfred"]
[Black "Fischer, Anke"]
[Result "0-1"]
[WhiteElo "1586"]
[BlackElo "1710"]
[Annotator "br"]
[PlyCount "86"]
[EventDate "2012.??.??"]
[Source "FV Schach e.V."]
[SourceDate "2012.10.14"]
[WhiteTeam "Deutsche Telekom Berlin"]
[BlackTeam "BA Berlin Tempelhof II"]
[WhiteTeamCountry "GER"]
[BlackTeamCountry "GER"]

1. e4 c5 2. c3 d5 3. e5 e6 4. d4 Nc6 5. Nf3 Nge7 6. Na3 Ng6 7. Nc2 Be7 8. Be2
b6 9. O-O O-O 10. Be3 Bb7 11. Qd2 Rc8 12. Rac1 Qc7 13. Nce1 c4 14. Nc2 a5 15.
a4 f5 16. Bg5 Bxg5 17. Nxg5 Qd7 18. f4 Nce7 19. b3 cxb3 20. Bb5 Bc6 21. Na3
Rcd8 22. Qb2 h6 23. Nh3 Nc8 24. Bxc6 Qxc6 25. Nb5 Qc4 26. Ra1 Rd7 27. Ra3 Nge7
28. Qxb3 Qxb3 29. Rxb3 Nc6 30. Nf2 N6a7 31. Nd1 Nxb5 32. Rxb5 Rc7 33. Rb3 Rc6
34. Rf2 Rf7 35. Rc2 Rfc7 36. Nb2 g5 37. Nd3 Rc4 38. fxg5 hxg5 39. Ne1 Rxa4 40.
Nf3 g4 41. Ng5 Rc6 42. h4 gxh3 43. Nxh3 Rxd4 0-1

[Event "XII. DBMM Schach"]
[Site "Berlin"]
[Date "2012.10.14"]
[Round "7.1"]
[White "Gueldenpfennig, Gavin"]
[Black "Kropman, Alexei"]
[Result "0-1"]
[WhiteElo "1306"]
[BlackElo "2105"]
[Annotator "br"]
[PlyCount "44"]
[EventDate "2012.??.??"]
[Source "FV Schach e.V."]
[SourceDate "2012.10.14"]
[WhiteTeam "SV Senat Berlin IV"]
[BlackTeam "SV Senat Berlin II"]
[WhiteTeamCountry "GER"]
[BlackTeamCountry "GER"]

1. e4 e5 2. Nf3 Nc6 3. Bc4 Nf6 4. Ng5 d5 5. exd5 Nd4 6. c3 b5 7. cxd4 bxc4 8.
Qa4+ Nd7 9. h4 Be7 10. Ne6 fxe6 11. dxe6 exd4 12. exd7+ Qxd7 13. Qxd7+ Kxd7 14.
b3 Ba6 15. bxc4 Bxc4 16. Rh3 Rhe8 17. Kd1 Be6 18. Rg3 g6 19. Rd3 c5 20. Ba3 Kc6
21. g3 Bf6 22. Rf3 Bg4 0-1

[Event "XII. DBMM Schach"]
[Site "Berlin"]
[Date "2012.10.14"]
[Round "7.2"]
[White "Albrecht, Rainer"]
[Black "Weihrich, Joerg"]
[Result "1-0"]
[WhiteElo "2122"]
[BlackElo "1552"]
[Annotator "br"]
[PlyCount "45"]
[EventDate "2012.??.??"]
[Source "FV Schach e.V."]
[SourceDate "2012.10.14"]
[WhiteTeam "SV Senat Berlin II"]
[BlackTeam "SV Senat Berlin IV"]
[WhiteTeamCountry "GER"]
[BlackTeamCountry "GER"]

1. d4 Nf6 2. c4 c6 3. Nc3 d5 4. Nf3 dxc4 5. a4 Nd5 6. e4 Nb4 7. Bxc4 Bg4 8. Ne5
Be6 9. Bxe6 fxe6 10. O-O Qa5 11. Qg4 Nd7 12. Nxd7 Kxd7 13. d5 cxd5 14. exd5 Rd8
15. Rd1 Nxd5 16. Rxd5+ Qxd5 17. Nxd5 Ke8 18. Nc7+ Kd7 19. Qxe6+ Kxc7 20. Bf4+
Rd6 21. Rc1+ Kb6 22. Qb3+ Ka6 23. Qb5# 1-0

[Event "XII. DBMM Schach"]
[Site "Berlin"]
[Date "2012.10.14"]
[Round "7.3"]
[White "Rehberg, Thomas"]
[Black "Guenther, Thomas"]
[Result "0-1"]
[WhiteElo "919"]
[BlackElo "1961"]
[Annotator "br"]
[PlyCount "43"]
[EventDate "2012.??.??"]
[Source "FV Schach e.V."]
[SourceDate "2012.10.14"]
[WhiteTeam "SV Senat Berlin IV"]
[BlackTeam "SV Senat Berlin II"]
[WhiteTeamCountry "GER"]
[BlackTeamCountry "GER"]

1. e4 c5 2. Nf3 Nc6 3. Bc4 d6 4. d3 Nf6 5. c3 e6 6. Bg5 Be7 7. Nbd2 a6 8. Qe2
b5 9. Bb3 O-O 10. O-O-O d5 11. exd5 exd5 12. Ne5 Nxe5 13. Qxe5 Be6 14. f4 Nd7
15. Bxe7 Nxe5 16. Bxd8 Nxd3+ 17. Kc2 Raxd8 18. Kxd3 c4+ 19. Bxc4 dxc4+ 20. Ke3
Rd3+ 21. Kf2 Rfd8 22. Ke1 0-1

[Event "XII. DBMM Schach"]
[Site "Berlin"]
[Date "2012.10.14"]
[Round "7.4"]
[White "Noak, Uwe"]
[Black "Tschirschwitz, Stephan"]
[Result "1/2-1/2"]
[WhiteElo "1741"]
[BlackElo "1412"]
[Annotator "br"]
[PlyCount "95"]
[EventDate "2012.??.??"]
[Source "FV Schach e.V."]
[SourceDate "2012.10.14"]
[WhiteTeam "SV Senat Berlin II"]
[BlackTeam "SV Senat Berlin IV"]
[WhiteTeamCountry "GER"]
[BlackTeamCountry "GER"]

1. c4 c5 2. f4 Nc6 3. Nf3 Nf6 4. g3 d5 5. cxd5 Nxd5 6. Nc3 Nxc3 7. bxc3 Bf5 8.
Bg2 Qb6 9. c4 Rd8 10. O-O g6 11. Ba3 Bg7 12. Rc1 Bb2 13. Bxb2 Qxb2 14. Qb3 Qxb3
15. axb3 Be4 16. d3 Bxf3 17. Bxf3 Nd4 18. Rb1 Nxf3+ 19. Rxf3 a5 20. f5 f6 21.
h4 O-O 22. Kf2 g5 23. Re3 Rf7 24. Re6 Rd6 25. Kf3 Rxe6 26. fxe6 Rf8 27. Ke4 Rd8
28. hxg5 fxg5 29. Rf1 Rf8 30. Rxf8+ Kxf8 31. Kf5 g4 32. Kxg4 Kg7 33. Kf5 Kh6
34. Ke5 Kg5 35. e3 Kg4 36. d4 b5 37. cxb5 c4 38. b6 c3 39. b7 c2 40. b8=Q c1=Q
41. Qg8+ Kf3 42. Qf7+ Kxg3 43. Qf4+ Kh3 44. e4 Qc7+ 45. Kf5 Qc3 46. Qg4+ Kh2
47. e5 Qxb3 48. Kf4 1/2-1/2

[Event "XII. DBMM Schach"]
[Site "Berlin"]
[Date "2012.10.14"]
[Round "7.1"]
[White "Lipp, Hubert"]
[Black "Hamann, Martin"]
[Result "1/2-1/2"]
[WhiteElo "2064"]
[BlackElo "1891"]
[Annotator "br"]
[PlyCount "84"]
[EventDate "2012.??.??"]
[Source "FV Schach e.V."]
[SourceDate "2012.10.14"]
[WhiteTeam "R+V Vers. Wiesbaden II"]
[BlackTeam "Bayer Berlin"]
[WhiteTeamCountry "GER"]
[BlackTeamCountry "GER"]

1. e4 Nf6 2. e5 Nd5 3. d4 d6 4. c4 Nb6 5. exd6 exd6 6. Nf3 Be7 7. Be3 Nc6 8. a3
O-O 9. Bd3 Bg4 10. h3 Bh5 11. Nbd2 Bf6 12. Qc2 h6 13. g4 Bg6 14. Bxg6 fxg6 15.
Qxg6 Qe8 16. Qxe8 Raxe8 17. O-O Be7 18. Kg2 Na5 19. b3 d5 20. Ne5 dxc4 21. b4
Nb3 22. Nxb3 cxb3 23. Rab1 Bd6 24. f4 Nd5 25. Rxb3 g5 26. fxg5 Rxf1 27. Kxf1
Bxe5 28. dxe5 Rxe5 29. Bd4 Rxg5 30. Bxa7 b6 31. a4 Kf7 32. a5 Rg8 33. axb6 cxb6
34. Ra3 Ra8 35. Ra6 Ke6 36. Kf2 Kd6 37. b5 Rf8+ 38. Kg3 Kc5 39. Bxb6+ Nxb6 40.
Ra7 Kxb5 41. Rh7 Rf6 42. g5 Rg6 1/2-1/2

[Event "XII. DBMM Schach"]
[Site "Berlin"]
[Date "2012.10.14"]
[Round "7.2"]
[White "Kuefner, Andreas"]
[Black "Leidorf, Sebastian"]
[Result "0-1"]
[WhiteElo "1948"]
[BlackElo "2051"]
[Annotator "br"]
[PlyCount "68"]
[EventDate "2012.??.??"]
[Source "FV Schach e.V."]
[SourceDate "2012.10.14"]
[WhiteTeam "Bayer Berlin"]
[BlackTeam "R+V Vers. Wiesbaden II"]
[WhiteTeamCountry "GER"]
[BlackTeamCountry "GER"]

1. e4 c6 2. d4 d5 3. exd5 cxd5 4. c4 Nf6 5. Nc3 Nc6 6. Nf3 Bg4 7. cxd5 Nxd5 8.
Qb3 Bxf3 9. gxf3 e6 10. Qxb7 Nxd4 11. Bb5+ Nxb5 12. Qc6+ Ke7 13. Qxb5 Qd7 14.
Qb3 f6 15. Ne4 Kf7 16. f4 Rb8 17. Qh3 Nb4 18. O-O Nc2 19. Rb1 Na3 20. bxa3 Rxb1
21. f5 Rb5 22. Qh5+ Kg8 23. Rd1 Rd5 24. Rxd5 Qxd5 25. Ng3 g6 26. Qh4 Qd1+ 27.
Kg2 Qxc1 28. Qxf6 Qc7 29. fxe6 Qe7 30. Qe5 Bg7 31. Qb8+ Bf8 32. Qe5 h6 33. Ne4
Bg7 34. Qd5 Kh7 0-1

[Event "XII. DBMM Schach"]
[Site "Berlin"]
[Date "2012.10.14"]
[Round "7.3"]
[White "Launert, Martin"]
[Black "Lehmann, Lutz"]
[Result "0-1"]
[WhiteElo "1884"]
[BlackElo "1802"]
[Annotator "br"]
[PlyCount "48"]
[EventDate "2012.??.??"]
[Source "FV Schach e.V."]
[SourceDate "2012.10.14"]
[WhiteTeam "R+V Vers. Wiesbaden II"]
[BlackTeam "Bayer Berlin"]
[WhiteTeamCountry "GER"]
[BlackTeamCountry "GER"]

1. e4 c5 2. Nf3 e6 3. d4 cxd4 4. Nxd4 a6 5. c4 Qc7 6. a3 Nf6 7. Nc3 d6 8. Be3
Be7 9. Be2 Nbd7 10. O-O b6 11. Rc1 Bb7 12. f3 Rc8 13. Qe1 O-O 14. Qg3 Rfe8 15.
Rfd1 Bf8 16. Nc2 Ne5 17. Qf2 Nxc4 18. Bxc4 Qxc4 19. Bxb6 Nd7 20. Nd4 Nxb6 21.
b3 Qc7 22. Nde2 Qd8 23. Nf4 Nd7 24. h4 Qb6 0-1

[Event "XII. DBMM Schach"]
[Site "Berlin"]
[Date "2012.10.14"]
[Round "7.4"]
[White "Duric, Rajko"]
[Black "Finkhaeuser, Jens"]
[Result "1/2-1/2"]
[WhiteElo "1694"]
[BlackElo "1706"]
[Annotator "br"]
[PlyCount "46"]
[EventDate "2012.??.??"]
[Source "FV Schach e.V."]
[SourceDate "2012.10.14"]
[WhiteTeam "Bayer Berlin"]
[BlackTeam "R+V Vers. Wiesbaden II"]
[WhiteTeamCountry "GER"]
[BlackTeamCountry "GER"]

1. e4 c5 2. Nc3 g6 3. f4 Bg7 4. Nf3 e6 5. Bc4 Ne7 6. O-O O-O 7. Kh1 d5 8. exd5
exd5 9. Be2 Bf5 10. d4 Nbc6 11. dxc5 a6 12. Bd3 d4 13. Ne2 Qa5 14. Bxf5 Nxf5
15. Ne5 Rad8 16. Nd3 Qc7 17. Rb1 Na5 18. b3 Nc6 19. a3 Nce7 20. Ng3 Nxg3+ 21.
hxg3 Nd5 22. Bd2 Qd7 23. Qf3 Rfe8 1/2-1/2

[Event "XII. DBMM Schach"]
[Site "Berlin"]
[Date "2012.10.14"]
[Round "7.1"]
[White "Bockelmann, Rolf"]
[Black "Behrendt, Clemens"]
[Result "0-1"]
[WhiteElo "1743"]
[BlackElo "2079"]
[Annotator "br"]
[PlyCount "42"]
[EventDate "2012.??.??"]
[Source "FV Schach e.V."]
[SourceDate "2012.10.14"]
[WhiteTeam "BA Berlin Tempelhof III"]
[BlackTeam "W&W Wuestenrot&Württemb. Stuttg."]
[WhiteTeamCountry "GER"]
[BlackTeamCountry "GER"]

1. e4 d5 2. exd5 Qxd5 3. Nc3 Qd6 4. d4 Nf6 5. Nf3 a6 6. a3 Bg4 7. Be2 e6 8. h3
Bh5 9. O-O Nc6 10. Re1 O-O-O 11. Ng5 Bg6 12. Be3 Nxd4 13. Bxd4 Qxd4 14. Qb1 Bc5
15. Rf1 Qd2 16. Qa2 Qxg5 17. Qb3 Rd2 18. Bf3 c6 19. Rac1 Rxf2 20. Kh1 Rxf3 21.
gxf3 Qg3 0-1